00257nam a22001097a 4500003000400000020001800004082001500022100001600037245005900053260002700112300000800139SGT a81-7391-845-7 a070.4bMUR aMURTHY, DVR aDEVELOPMENT JOURNALISM WHAT NEXT? AGENDA FOR THE PRESS aDELHI bKANISHKAc2012 a140